| 000 | 02108nam a22003257a 4500 | ||
|---|---|---|---|
| 001 | 39860 | ||
| 003 | BD-RjUL | ||
| 005 | 20211209053056.0 | ||
| 008 | 160419m20142003bg a|||| |||| 00| 1dben d | ||
| 020 |
_a9840743341 (V- 1) _c: Tk. 250.00 |
||
| 020 |
_a9840751891 (V- 2) _c: Tk. 500.00 |
||
| 035 | _a(BD-RjUL)39974 | ||
| 040 |
_aBD-RjUL _bben _cBD-RjUL |
||
| 041 | _aben | ||
| 082 |
_223 _a891.4408 _bKAS 2003-2014 |
||
| 100 |
_aকরিম, শেখ ফজলল _9122801 |
||
| 245 | 1 | 0 |
_aশেখ ফজলল করিম রচনাবলী / _cশেখ ফজলল করিম ; শামসুন নাহার জামান সম্পাদিত |
| 260 |
_aঢাকা : _bবাংলা একাডেমি, _c২০০৩-২০১৪ |
||
| 300 |
_a২ খণ্ড : _bচিত্র ; _c২২ সেমি. |
||
| 490 |
_aবাএ ; _v৪৩২৫ |
||
| 490 |
_aবাএ ; _v৫১৭০ |
||
| 500 | _a২০০৩ সালে প্রকাশিত "শেখ ফজলল্ করিম রচনাবলী" বইটির টাইটেল পেজে প্রথম খণ্ড বলে কিছু উল্লেখ নাই। কিন্ত ২০১৪ সালে প্রকাশিত "শেখ ফজলল্ করিম রচনাবলী"র দ্বিতীয় খণ্ডে সম্পাদিকা ২০০৩ সালে প্রকাশিত "শেখ ফজলল্ করিম রচনাবলী"কে প্রথম খণ্ড বলে উল্লেখ করেছেন । ফলে খণ্ড হিসেবে ডাটা এন্ট্রি করা হলো। | ||
| 505 | 0 | _aখণ্ড ১ -- খণ্ড ২ -- | |
| 650 |
_aবাংলা সাহিত্য _vরচনাবলী _9118114 |
||
| 650 |
_aBengali Literature _vCollected Works _9126698 |
||
| 700 |
_aজামান, শামসুন নাহার, সম্পাদক _9122804 |
||
| 830 |
_aবাএ ; _v৪৩২৫ _9128965 |
||
| 830 |
_aবাএ ; _v৫১৭০ _9128965 |
||
| 942 |
_2ddc _cBK _08 |
||
| 999 |
_c39860 _d39860 |
||